000 00477nam a2200169Ia 4500
008 230711s9999||||xx |||||||||||||| ||und||
020 _a977-81-309-3014-5
041 _aENG
082 _a658.233
_bCL-E
100 _aClark, Ruth Colvin
245 0 _aEvidence-bases training methods : A guide for training professionals
250 _a2nd Ed.
260 _c2017
_aNew Delhi
_bViva Books Private Limited
300 _a381p.
650 _aUNIVESITY BUSNIESS SCHOOL
942 _cBK
999 _c6416
_d6416